Statistics for Countries Starting with Q-U-I-Z

Click here to take the quiz!

General Stats

  • This quiz has been taken 46 times
  • The average score is 15 of 18

Answer Stats

Countries% Correct
Zimbabwe
95%
Indonesia
92%
Qatar
92%
Uruguay
92%
India
90%
Italy
90%
Zambia
90%
Iran
85%
Iraq
85%
Uganda
85%
United Kingdom
79%
United States
77%
Iceland
74%
Ireland
74%
Uzbekistan
74%
Ukraine
62%
United Arab Emirates
62%
Israel
59%

Score Distribution

Percentile by Number Answered

Percent of People with Each Score

Your Score History

You have not taken this quiz